| 000 | 00756nam a22002057a 4500 | ||
|---|---|---|---|
| 005 | 20150116144458.0 | ||
| 008 | 150116b xxu||||| |||| 00| 0 spa d | ||
| 040 |
_aCO-BoIAVH _cCO-BoIAVH |
||
| 041 | _aspa | ||
| 044 | _ack | ||
| 090 |
_aEA _b00269 |
||
| 245 | _aGuía Ecoturistica y Ambiental de los Paramos de Mamapacha y Bijagual | ||
| 260 |
_a[Sin lugar de publicación] _bMinisterio del Medio Ambiente, _bCORPOBOYACA, _bCORPOCHIVOR, _c[Sin fecha de publicación] |
||
| 300 |
_a58 pag _bFot (col), il. _c22 cm. |
||
| 504 | _aIncluye referencias bibliográficas (pag 58) | ||
| 650 | 4 |
_aTurismo ecológico _931725 |
|
| 650 | 6 |
_aConservación de los recursos naturales _931726 |
|
| 650 | 4 |
_aProtección de los recursos naturales _931727 |
|
| 942 |
_2z _cLIBRO |
||
| 999 |
_c9002 _d9002 |
||